| 000 | 01366cam a2200397 a 4500 | ||
|---|---|---|---|
| 999 |
_c478699 _d478699 |
||
| 001 | 15905160 | ||
| 003 | NUST | ||
| 005 | 20180710035549.0 | ||
| 008 | 090914s2010 enk 000 0 eng | ||
| 010 | _a 2009037390 | ||
| 015 |
_aGBA9A4144 _2bnb |
||
| 016 | 7 |
_a015402595 _2Uk |
|
| 020 | _a9780749456658 (pbk.) | ||
| 020 | _a9780749459031 (ebook) | ||
| 020 | _a9780749460327 | ||
| 035 | _a(OCoLC)ocn436946030 | ||
| 038 | _aArshad | ||
| 040 |
_aDLC _cDLC _dUKM _dCDX _dBTCTA _dYDXCP _dJBU _dORX _dBWX _dOCLCQ _dZWZ _dDLC |
||
| 050 | 0 | 0 |
_aHF5719 _b.F67 2010 |
| 082 | 0 | 0 |
_a808.06665 _bFOR |
| 100 | 1 |
_aForsyth, Patrick. _911519 |
|
| 245 | 1 | 0 |
_aHow to write reports and proposals / _cPatrick Forsyth. |
| 250 | _aRev. 2nd ed. | ||
| 260 |
_aLondon ; _aPhiladelphia : _bKogan Page, _c2010. |
||
| 300 |
_avi, 131 p. ; _c24 cm. |
||
| 490 | 1 | _aCreating success | |
| 500 | _aRev. ed. of: How to write reports & proposals. 2006. | ||
| 650 | 0 |
_aBusiness report writing. _911520 |
|
| 650 | 0 |
_aProposal writing in business. _911521 |
|
| 650 | 0 |
_aBusiness writing. _911500 |
|
| 700 | 1 |
_aForsyth, Patrick. _tHow to write reports & proposals. _911522 |
|
| 830 | 0 |
_aCreating success. _911523 |
|
| 906 |
_a7 _bcbc _corignew _d1 _eecip _f20 _gy-gencatlg |
||
| 942 |
_2ddc _cBK |
||